000 00283nam a22001217a 4500
008 190227b xxu||||| |||| 00| 0 eng d
041 _aeng
080 _a616.12
100 _a7
101 _aKARD
245 _aGiving Cardiovascular drugs safely
_cJackson,E.W
942 _2udc
_cBK
999 _c54332
_d54332